European Capitals - Fit the Pattern Quiz Stats

 Plays Quiz Updated Feb 3, 2014

Support Sporcle.
Go Orange.
Score 0/47 Timer 07:00
5 Plays Today
% Correct
SL
82.2%
RM
78.3%
RG
76.2%
BRN
74.9%
SF
74.4%
NDRRLVLL
73.6%
LNDN
72.4%
PRG
72%
MSTRDM
67.9%
MNSK
67%
MSCW
65.6%
PRS
65.4%
BRLN
65.2%
DBLN
64.7%
CPNHGN
64.2%
VNN
64.1%
STCKHLM
64%
BDPST
63.9%
BCHRST
62.7%
THNS
62.3%
KYV
62.1%
LXMBRG
61.4%
NKR
60.8%
HLSNK
60.6%
% Correct
BRSSLS
60.5%
LSBN
60.5%
MNC
58.5%
BRTSLV
58.3%
VTCNCTY
58.2%
SRJV
58%
BLGRD
57.5%
MDRD
57.2%
CHSN
57%
VDZ
54.7%
VLNS
54.2%
SNMRN
53.5%
WRSW
52.1%
NCS
50.6%
ZGRB
50.2%
SKPJ
49.7%
TRN
48.4%
LJBLJN
47.7%
RYKJVK
46.4%
PDGRC
45.7%
VLLTT
43.5%
TLLNN
42.5%
PRSTN
42.1%

You're not logged in!

Compare scores with friends on all Sporcle quizzes.
OR
Log In

From the Vault

Rubber Ducks as Other Animals II

by timmylemoine1

Looks like Starbucks has entered the Rubber Duck industry.
Remove Ads.
Support Sporcle.
Get the best of Sporcle when you Go Orange. This ad-free experience offers more features, more stats, and more fun while also helping to support Sporcle. Thank you for becoming a member.

Show Comments

Extras

Top Quizzes Today


Score Distribution

Your Account Isn't Verified!

In order to create a playlist on Sporcle, you need to verify the email address you used during registration. Go to your Sporcle Settings to finish the process.

Report this User

Report this user for behavior that violates our Community Guidelines.

Details: